Guess the Rock Type (Metamorphic) - Statistics

General Stats
  • This quiz has been taken 12 times
  • The average score is 4 of 10
Answer Stats
Picture Answer % Correct
Gneiss
71%
Schist
71%
Slate
71%
Marble
57%
Eclogite
29%
Phyllite
29%
Quartzite
29%
Amphibolite
14%
Hornfels
14%
Serpentinite
14%
No matching quizzes found
Score Distribution
Percent of People with Each Score
Percentile by Number Answered
Your Score History
You have not taken this quiz